000 00863 a2200217 4500
001 77
005 20260407155407.0
008 260407a2006 arg spa d
003 AR-UNSa-BCEJYS
040 _aAR-UNSa-BCEJYS
_bspa
_cAR-UNSa-BCEJYS
080 _a17
_xFilosofía moral. Ética. Filosofía práctica
245 1 0 _aMás ética, más desarrollo
250 _a7a. ed
264 1 _aBuenos Aires :
_bTemas Grupo Editorial
_c2006
300 _a249 p.
_c22 cm
505 _a1. El impacto de la ética sobre el desarrollo - 2. Los desafíos éticos de América Latina - 3. La ética en acción - 4. Propuestas para una economía orientada por la ética
942 _cBK
590 _aniveau_biblio:m niveau_hierar:0
100 1 _aKliksberg, Bernardo
856 4 1 _uhttps://biblioeco.unsa.edu.ar/pmb/images/libros/masetica-l117368.jpg
_yImagen de portada
_qimage/jpeg
999 _c55
_d55